000 00793nam a2200193 a 4500
008 160222s2013 ||||||||||||||||| || u
020 _a9781907816314
050 _aRE 334 Ben
100 _aBenitez-del-Castillo, Jose M
245 1 0 _aOcular surface disorders
_cBy Jose M Benitez-del-Castillo [and] Michael A Lemp
260 _aLondon:
_bJP Medical Publishers
_c2013
300 _axvii, 393p.: ill.
350 _a187.00
650 _aANTERIOR EYE SEGMENT--ANATOMY AND HISTOLOGY
650 _aCONTACT LENSES--ADVERSE EFFECTS
650 _aANTERIOR EYE SEGMENT--PHYSIOPATHOLOGY
650 _aEYE DISEASES
995 _aMEDICAL LIBRARY OPEN ACCESS
_e903433
_FCBU-SCHOOL OF MEDICINE LIBRARY (Ndola)
_I187.00
_jRE 334 Ben
_M1
_UAVAILABLE
_WFeb 29, 2016
_y903433
_ZMedical Library Open Access Collection
999 _c32246
_d32246